[Event "64. Offene Kölner Stadtmeisterschaft"]
[Site "Köln"]
[Date "2024.05.12"]
[Round "7.10"]
[White "Asadzade, Idris"]
[Black "De Witte, Stein"]
[Result "1/2-1/2"]
[WhiteElo "2233"]
[BlackElo "1968"]
[PlyCount "81"]
[WhiteTeam "SG Solingen e. V"]
[BlackTeam "Dolle Toren Leuven"]

1. c4 e6 2. g3 d5 3. Nf3 Nf6 4. Bg2 dxc4 5. Qa4+ Bd7 6. Qxc4 c5 7. Ne5 Qc8 8.
Nxd7 Qxd7 9. O-O Nc6 10. Qa4 Nd5 11. Nc3 Be7 12. d3 O-O 13. Bd2 Rfd8 14. Rfe1
Rac8 15. Nxd5 exd5 16. a3 Nd4 17. Qxd7 Rxd7 18. Rac1 Rdd8 19. Bh3 Rc6 20. Rb1
Nb3 21. Red1 Nxd2 22. Rxd2 Rb6 23. b3 g6 24. Rc2 a5 25. a4 Rb4 26. Bg2 Kg7 27.
e3 Kf6 28. e4 dxe4 29. Bxe4 Ke6 30. Rc4 Rd4 31. Rxd4 cxd4 32. Kf1 Rb6 33. Ke2
Bb4 34. Kd1 Bc3 35. Kc2 Kd6 36. g4 Kc5 37. g5 f5 38. gxf6 Rxf6 39. Rf1 b6 40.
f4 Kd6 41. Kd1 1/2-1/2